000 00430nam a2200169Ia 4500
001 12122
008 170211s ii g b000 u 346 u
082 _a891.4409
100 _aRai, R. .,
_eAuthor.
245 0 _aBangla Sahitya Promoth Chowdhury /
_cR. Rai.
_hTextual Documents
250 _a1st ed. /
260 _asn :
_bsl ,
_cnd.
300 _a335p. ;
_c22cm.
653 _aBengali
653 _aMS-Bengali
942 _2ddc
_cBK
999 _c12109
_d12109